Quiz sulle Bandiere del Nord America - Scelta Multipla - Statistics

Statistiche generali
  • Questo quiz è stato fatto 36 volte
  • Il punteggio medio è 20 su 21
Statistiche sulle risposte
Domanda Risposta % Corretto
Canada
100%
Costa Rica
100%
Cuba
100%
Repubblica Dominicana
100%
Haiti
100%
Giamaica
100%
Messico
100%
Stati Uniti d'America
100%
Barbados
97%
Honduras
97%
Trinidad e Tobago
97%
Antigua e Barbuda
94%
Bahamas
94%
Belize
94%
Panama
94%
Saint Lucia
94%
Saint Vincent e Grenadine
94%
Dominica
91%
El Salvador
83%
Nicaragua
80%
Saint Kitts e Nevis
77%
Nessun quiz corrispondente trovato
Distribuzione punteggi
Percentuale di utenti per punteggio
Percentile per numero di risposta
I tuoi punteggi nel tempo
Non hai fatto questo quiz